书目信息 |
| 题名: |
《哥达纲领批判》导读
|
|
| 作者: | 李双套 著 | |
| 分册: | ||
| 出版信息: | 北京 中共中央党校出版社 2018.01 |
|
| 页数: | 159页 | |
| 开本: | 20cm | |
| 丛书名: | 中央党校思想库丛书 | |
| 单 册: | ||
| 中图分类: | A811.24 | |
| 科图分类: | ||
| 主题词: | 马恩著作--学习 , 马恩著作研究 | |
| 电子资源: | ||
| ISBN: | 978-7-5035-6295-2 | |
| 000 | 00680nam0 2200229 45 | |
| 001 | 2131697791 | |
| 005 | 20211216085002.56 | |
| 010 | @a978-7-5035-6295-2@dRMB 32.00 | |
| 100 | @a20211216d2018 km y0chiy0120 ea | |
| 101 | 0 | @achi |
| 102 | @aCN@b110000 | |
| 200 | 1 | @a《哥达纲领批判》导读@A《ge da gang ling pi pan》dao du@f李双套 著@Fli shuang tao zhu |
| 210 | @a北京@c中共中央党校出版社@d2018.01 | |
| 215 | @a159页@d20cm | |
| 225 | 2 | @a中央党校思想库丛书 |
| 410 | 0 | @12001 @a中央党校思想库丛书 |
| 606 | 0 | @a马恩著作@x学习 |
| 606 | 0 | @a马恩著作研究 |
| 690 | @aA811.24@v4 | |
| 701 | 0 | @a李双套@Ali shuang tao@4著 |
| 801 | 0 | @aCN@bPFT@c20211216 |
| 905 | @a10447@dA811.24@eL266 | |
| 《哥达纲领批判》导读/李双套 著.-北京:中共中央党校出版社,2018.01 |
| 159页;20cm.-(中央党校思想库丛书) |
| ISBN 978-7-5035-6295-2:RMB 32.00 |
| ● |
| 相关链接 |
|
|
|
正题名:《哥达纲领批判》导读
索取号:A811.24/L266
 
预约/预借
| 序号 | 登录号 | 条形码 | 馆藏地/架位号 | 状态 | 备注 |
| 1 | 1503104 | 215031043 | 马克思主义学院资料室/ [索取号:A811.24/L266] | 在馆 |